| 000 | 00540nam a22001817a 4500 | ||
|---|---|---|---|
| 003 | CEME | ||
| 005 | 20210628203529.0 | ||
| 008 | 210119b xxu||||| |||| 00| 0 eng d | ||
| 020 | _a9780070621053 | ||
| 040 | _c. | ||
| 082 | _a658.404 KOH | ||
| 100 |
_aKohli, Uddesh, Chitkara, K.K _966055 |
||
| 245 | _aProject management handbook, for engineers construction professionals and business managers | ||
| 260 |
_aINDIA _bTATA MCGRAW HILL _c2008 |
||
| 300 | _aXIII,516P | ||
| 650 |
_aPROJECT MANAGEMENT HANDBOOK _966056 |
||
| 942 |
_cBK _2ddc |
||
| 999 |
_c574095 _d574095 |
||